000 00570nam a2200181Ia 4500
003 GCL
008 140319s9999 xx 000 0 ara d
040 _aGCL /
_cGCL
082 0 4 _a329.62
_bب ن
100 1 _aبرهان غليون
245 1 0 _aنظام الطائفية من الدولة الى القبيلة /
_cبرهان غليون
260 _a[S.N] :
_bالمركز الثقافى العربى ،
_c1990
300 _a207 ص
490 _a
650 0 4 _aالاسلام ونظام الحكم
650 0 4 _aالاحزاب السياسية
942 _2ddc
_cBK
999 _c53878
_d53878